[Event "NB1 Charousek csoport"]
[Site "Ajka"]
[Date "2024.11.17"]
[Round "2.10"]
[White "Kustar, Sandor"]
[Black "Berczi, Peter"]
[Result "0-1"]
[WhiteElo "2260"]
[BlackElo "2074"]
[PlyCount "84"]
[EventDate "2024.11.03"]
[EventType "team-tourn"]
[EventRounds "11"]
[EventCountry "HUN"]
[Source "chess.hu"]
[SourceDate "2024.11.17"]
[WhiteTeam "Sentimento Ajka BSK "]
[BlackTeam "Komloi BSK"]
[WhiteTeamCountry "HUN"]
[BlackTeamCountry "HUN"]

1. Nf3 c5 2. c4 Nf6 3. d4 cxd4 4. Nxd4 e6 5. g3 Bb4+ 6. Bd2 Bxd2+ 7. Qxd2 Ne4
8. Qe3 Qa5+ 9. Nd2 Qxd2+ 10. Qxd2 Nxd2 11. Kxd2 Nc6 12. e3 b6 13. Nxc6 Bb7 14.
e4 Bxc6 15. Bd3 e5 16. Rhc1 d6 17. b4 a5 18. bxa5 Rxa5 19. Rcb1 Kd7 20. Rxb6
Rha8 21. Rb2 Ra3 22. f3 Kc7 23. Ke2 R8a4 24. Bc2 Rxc4 25. Bb3 Rc3 26. Rd1 f5
27. exf5 Bxf3+ 28. Kd2 Bxd1 29. Kxc3 Bxb3 30. axb3 d5 31. Kb4 Ra8 32. Kc5 Ra5+
33. Kb4 Ra8 34. Kc5 Ra5+ 35. Kb4 Kb6 36. Rf2 Rb5+ 37. Ka4 Ra5+ 38. Kb4 Rb5+ 39.
Ka4 e4 40. b4 e3 41. Rf3 d4 42. f6 e2 0-1

[Event "NB1 Charousek csoport"]
[Site "Ajka"]
[Date "2024.11.17"]
[Round "2.11"]
[White "Csiszar, Viktoria"]
[Black "Kozma, Karoly"]
[Result "1/2-1/2"]
[WhiteElo "1905"]
[BlackElo "2180"]
[PlyCount "33"]
[EventDate "2024.11.03"]
[EventType "team-tourn"]
[EventRounds "11"]
[EventCountry "HUN"]
[Source "chess.hu"]
[SourceDate "2024.11.17"]
[WhiteTeam "Komloi BSK"]
[BlackTeam "Sentimento Ajka BSK "]
[WhiteTeamCountry "HUN"]
[BlackTeamCountry "HUN"]

1. e4 c5 2. Nc3 Nc6 3. d3 g6 4. Be3 d6 5. d4 cxd4 6. Bxd4 Nf6 7. Bxf6 exf6 8.
Bc4 Bg7 9. Nge2 O-O 10. O-O f5 11. Bd5 Qb6 12. Bb3 Na5 13. Nd5 Qd8 14. Ng3 fxe4
15. Nxe4 Nxb3 16. axb3 Bf5 17. Ng3 1/2-1/2

[Event "NB1 Charousek csoport"]
[Site "Ajka"]
[Date "2024.11.17"]
[Round "2.12"]
[White "Pasti, Anna"]
[Black "Pater, Peter"]
[Result "0-1"]
[WhiteElo "1991"]
[BlackElo "2019"]
[PlyCount "72"]
[EventDate "2024.11.03"]
[EventType "team-tourn"]
[EventRounds "11"]
[EventCountry "HUN"]
[Source "chess.hu"]
[SourceDate "2024.11.17"]
[WhiteTeam "Sentimento Ajka BSK "]
[BlackTeam "Komloi BSK"]
[WhiteTeamCountry "HUN"]
[BlackTeamCountry "HUN"]

1. c4 Nf6 2. Nc3 d6 3. d4 e5 4. Nf3 Nbd7 5. e4 Be7 6. d5 Nc5 7. Bd3 a5 8. Be3
b6 9. h3 O-O 10. g4 Ne8 11. Be2 Bd7 12. g5 f5 13. Bxc5 bxc5 14. h4 Rb8 15. b3
fxe4 16. Nxe4 a4 17. Rg1 Rf4 18. Ng3 Bg4 19. Rh1 Qc8 20. Nd2 Bxe2 21. Qxe2 c6
22. Nh5 Rf8 23. Ng3 cxd5 24. cxd5 Nc7 25. Rd1 Rf4 26. Nc4 axb3 27. axb3 Rd4 28.
Rxd4 cxd4 29. Qe4 Nb5 30. Nf5 Bf8 31. g6 h6 32. Kf1 Nc3 33. Qf3 e4 34. Qh5 Rxb3
35. Nd2 Rb5 36. Ng3 Rxd5 0-1

[Event "NB1 Charousek csoport"]
[Site "Tapolca"]
[Date "2024.11.17"]
[Round "2.1"]
[White "Gonda, Laszlo"]
[Black "Ostovic, Matija"]
[Result "1/2-1/2"]
[WhiteElo "2494"]
[BlackElo "2378"]
[PlyCount "69"]
[EventDate "2024.11.03"]
[EventType "team-tourn"]
[EventRounds "11"]
[EventCountry "HUN"]
[Source "chess.hu"]
[SourceDate "2024.11.17"]
[WhiteTeam "Dunaharaszti MTK"]
[BlackTeam "Tapolca Varosi SE"]
[WhiteTeamCountry "HUN"]
[BlackTeamCountry "HUN"]

1. e4 e5 2. Nf3 d6 3. d4 Nf6 4. dxe5 Nxe4 5. Qd5 Nc5 6. Bg5 Qd7 7. exd6 Bxd6 8.
Nc3 O-O 9. O-O-O Nc6 10. Be3 Qe7 11. Qh5 Be6 12. Ng5 Bf5 13. Nd5 Qe8 14. Bxc5
Bxc5 15. Bc4 Bg6 16. Qh4 h6 17. Rhe1 hxg5 18. Nf6+ gxf6 19. Qh6 Be4 20. f3 Ne5
21. Rxe4 Nxc4 22. Rxe8 Rfxe8 23. Qxf6 Be3+ 24. Kb1 Nd2+ 25. Ka1 Rad8 26. Re1
Bf4 27. Rxe8+ Rxe8 28. a4 Nc4 29. Ka2 Nd6 30. g3 Be3 31. h4 gxh4 32. Qxh4 Kg7
33. Qg4+ Kf8 34. Qh4 Kg7 35. Qg4+ 1/2-1/2

[Event "NB1 Charousek csoport"]
[Site "Tapolca"]
[Date "2024.11.17"]
[Round "2.2"]
[White "Istvandi, Lajos"]
[Black "Nguyen, Huynh Minh Huy"]
[Result "1/2-1/2"]
[WhiteElo "2225"]
[BlackElo "2423"]
[PlyCount "48"]
[EventDate "2024.11.03"]
[EventType "team-tourn"]
[EventRounds "11"]
[EventCountry "HUN"]
[Source "chess.hu"]
[SourceDate "2024.11.17"]
[WhiteTeam "Tapolca Varosi SE"]
[BlackTeam "Dunaharaszti MTK"]
[WhiteTeamCountry "HUN"]
[BlackTeamCountry "HUN"]

1. d4 d5 2. Nf3 Nf6 3. e3 Bf5 4. c4 c6 5. cxd5 cxd5 6. Qb3 Qc7 7. Nc3 e6 8. Nh4
Bg6 9. Bd2 Nc6 10. Nxg6 hxg6 11. g3 a6 12. Bg2 Na5 13. Qa4+ Nc6 14. Rc1 Be7 15.
e4 dxe4 16. Nxe4 Nd5 17. Nc3 Nb6 18. Qd1 Nxd4 19. O-O Qd7 20. Be3 e5 21. f4 Nc4
22. Bxd4 exd4 23. Nd5 Ne3 24. Qxd4 Nxd5 1/2-1/2

[Event "NB1 Charousek csoport"]
[Site "Tapolca"]
[Date "2024.11.17"]
[Round "2.3"]
[White "Csiki, Endre"]
[Black "Dobos, Jozsef"]
[Result "1/2-1/2"]
[WhiteElo "2276"]
[BlackElo "2227"]
[PlyCount "40"]
[EventDate "2024.11.03"]
[EventType "team-tourn"]
[EventRounds "11"]
[EventCountry "HUN"]
[Source "chess.hu"]
[SourceDate "2024.11.17"]
[WhiteTeam "Dunaharaszti MTK"]
[BlackTeam "Tapolca Varosi SE"]
[WhiteTeamCountry "HUN"]
[BlackTeamCountry "HUN"]

1. d4 d5 2. Bf4 e6 3. e3 Bd6 4. Bg3 Nf6 5. Nd2 c5 6. Ngf3 O-O 7. c3 b6 8. Bd3
Ba6 9. Bxa6 Nxa6 10. Qe2 Nc7 11. Rd1 cxd4 12. Nxd4 Bxg3 13. hxg3 e5 14. Nf5 g6
15. Nh6+ Kg7 16. e4 Qe7 17. Qe3 Ng8 18. Nxg8 Kxg8 19. Nf3 Rad8 20. O-O f6
1/2-1/2

[Event "NB1 Charousek csoport"]
[Site "Tapolca"]
[Date "2024.11.17"]
[Round "2.4"]
[White "Pasztor, Ferenc"]
[Black "Popovics, Adam"]
[Result "0-1"]
[WhiteElo "2030"]
[BlackElo "2356"]
[PlyCount "72"]
[EventDate "2024.11.03"]
[EventType "team-tourn"]
[EventRounds "11"]
[EventCountry "HUN"]
[Source "chess.hu"]
[SourceDate "2024.11.17"]
[WhiteTeam "Tapolca Varosi SE"]
[BlackTeam "Dunaharaszti MTK"]
[WhiteTeamCountry "HUN"]
[BlackTeamCountry "HUN"]

1. d4 e6 2. c4 Bb4+ 3. Bd2 Bxd2+ 4. Qxd2 f5 5. g3 Nf6 6. Nc3 c6 7. Nf3 d5 8. b3
Nbd7 9. Bg2 O-O 10. O-O Qe7 11. Rad1 b6 12. Ne5 Nxe5 13. dxe5 Ne4 14. Qe3 Bd7
15. Nxe4 fxe4 16. f3 exf3 17. exf3 Be8 18. f4 Bg6 19. g4 Rad8 20. cxd5 cxd5 21.
h3 h6 22. Kh2 Rc8 23. Rc1 Rxc1 24. Rxc1 Qb4 25. f5 d4 26. Qe1 Qxe1 27. Rxe1
exf5 28. Bd5+ Kh7 29. gxf5 Rxf5 30. Be4 Rf8 31. Kg3 d3 32. e6 d2 33. Bxg6+ Kxg6
34. Rg1 Kf6 35. Kf3 Rd8 36. Ke2 d1=Q+ 0-1

[Event "NB1 Charousek csoport"]
[Site "Tapolca"]
[Date "2024.11.17"]
[Round "2.5"]
[White "Lorand, Norbert"]
[Black "Juhasz, Judit"]
[Result "1-0"]
[WhiteElo "2234"]
[BlackElo "2008"]
[PlyCount "79"]
[EventDate "2024.11.03"]
[EventType "team-tourn"]
[EventRounds "11"]
[EventCountry "HUN"]
[Source "chess.hu"]
[SourceDate "2024.11.17"]
[WhiteTeam "Dunaharaszti MTK"]
[BlackTeam "Tapolca Varosi SE"]
[WhiteTeamCountry "HUN"]
[BlackTeamCountry "HUN"]

1. e4 c5 2. Nf3 Nc6 3. d4 cxd4 4. Nxd4 Qb6 5. Nb3 Nf6 6. Nc3 e6 7. Be3 Qc7 8.
a3 a6 9. f4 d6 10. g4 b5 11. g5 Nd7 12. h4 Bb7 13. Bh3 b4 14. axb4 Nxb4 15. Na5
Bxe4 16. Nxe4 Nxc2+ 17. Kf2 Nxa1 18. Qxa1 Qc2+ 19. Kf3 d5 20. Nf2 Qc7 21. Rc1
Qb8 22. Bd4 h6 23. g6 Bd6 24. Re1 O-O 25. gxf7+ Kh8 26. Bxe6 Qb4 27. Nc6 Qb3+
28. Re3 Qc2 29. b3 Qg6 30. f5 Rxf7 31. Bxf7 Qxf5+ 32. Ke2 Qxf7 33. Qg1 Rc8 34.
Rf3 Nf6 35. Bxf6 Rxc6 36. Bc3 Qc7 37. Qa1 d4 38. Bd2 Qe7+ 39. Kd3 Qb7 40. Ke2
1-0

[Event "NB1 Charousek csoport"]
[Site "Tapolca"]
[Date "2024.11.17"]
[Round "2.6"]
[White "Marton, Jozsef"]
[Black "Balint, Vilmos"]
[Result "0-1"]
[WhiteElo "2031"]
[BlackElo "2147"]
[PlyCount "70"]
[EventDate "2024.11.03"]
[EventType "team-tourn"]
[EventRounds "11"]
[EventCountry "HUN"]
[Source "chess.hu"]
[SourceDate "2024.11.17"]
[WhiteTeam "Tapolca Varosi SE"]
[BlackTeam "Dunaharaszti MTK"]
[WhiteTeamCountry "HUN"]
[BlackTeamCountry "HUN"]

1. d4 e6 2. e4 d5 3. exd5 exd5 4. Nc3 Nf6 5. Nf3 Bg4 6. h3 Bh5 7. Be2 c6 8. Ne5
Bxe2 9. Qxe2 Be7 10. Bg5 O-O 11. O-O-O Nbd7 12. f4 Re8 13. g4 Bb4 14. Qd3 Qa5
15. Bxf6 Nxf6 16. g5 Nh5 17. Qf3 g6 18. f5 Bxc3 19. bxc3 Re7 20. Rde1 Qxa2 21.
Ng4 Rae8 22. Nh6+ Kf8 23. Rxe7 Rxe7 24. fxg6 hxg6 25. Kd2 Qa6 26. Re1 Qa3 27.
Rf1 Qd6 28. Nxf7 Qg3 29. Ne5+ Qxf3 30. Rxf3+ Kg7 31. Kd3 Kh7 32. c4 Ng7 33. Rf6
Nh5 34. c5 Nxf6 35. gxf6 Re6 0-1

[Event "NB1 Charousek csoport"]
[Site "Tapolca"]
[Date "2024.11.17"]
[Round "2.7"]
[White "Baski, Barnabas"]
[Black "Toth, Barnabas"]
[Result "1-0"]
[WhiteElo "2187"]
[BlackElo "1938"]
[PlyCount "131"]
[EventDate "2024.11.03"]
[EventType "team-tourn"]
[EventRounds "11"]
[EventCountry "HUN"]
[Source "chess.hu"]
[SourceDate "2024.11.17"]
[WhiteTeam "Dunaharaszti MTK"]
[BlackTeam "Tapolca Varosi SE"]
[WhiteTeamCountry "HUN"]
[BlackTeamCountry "HUN"]

1. d4 d5 2. Bf4 e6 3. Nf3 Nf6 4. e3 Bd6 5. Ne5 O-O 6. Nd2 c5 7. c3 Qc7 8. Bd3
Nbd7 9. Ndf3 Ne4 10. Nxd7 Bxd7 11. Ne5 Be8 12. Bg3 f6 13. Bxe4 fxe5 14. dxe5
Bxe5 15. Bd3 a6 16. Qc2 h6 17. O-O c4 18. Bh7+ Kh8 19. Bg6 Bxg6 20. Qxg6 Rf6
21. Qc2 b5 22. a4 Bxg3 23. hxg3 Qb7 24. Qd2 Rb8 25. axb5 axb5 26. Qd4 Qb6 27.
b4 cxb3 28. Rfb1 Qxd4 29. cxd4 Rf7 30. Rxb3 Rc7 31. Rab1 Rcb7 32. Rb4 Kg8 33.
Rc1 Ra8 34. Rcb1 Ra5 35. f3 Ra3 36. Kf2 Ra2+ 37. R1b2 Rxb2+ 38. Rxb2 b4 39. Ke2
Rc7 40. Rxb4 Rc2+ 41. Kf1 Rc1+ 42. Kf2 Rc2+ 43. Kg1 Rc3 44. e4 dxe4 45. fxe4
Rxg3 46. Kf2 Ra3 47. Rb7 Kh7 48. Rb6 Rd3 49. Rd6 h5 50. Ke2 Rg3 51. Rxe6 Rxg2+
52. Kf3 Rg6 53. Re5 Kh6 54. d5 Rf6+ 55. Rf5 Rd6 56. Kf4 g6 57. Rf7 g5+ 58. Ke5
Kg6 59. Rf8 Kg7 60. Rf5 Rg6 61. d6 Kh6 62. d7 Rg8 63. Kf6 Rd8 64. Ke7 Rxd7+ 65.
Kxd7 Kg6 66. Rf1 1-0

[Event "NB1 Charousek csoport"]
[Site "Tapolca"]
[Date "2024.11.17"]
[Round "2.8"]
[White "Kasnya, Peter"]
[Black "Kovacs, Lajos"]
[Result "1/2-1/2"]
[WhiteElo "1926"]
[BlackElo "2189"]
[PlyCount "57"]
[EventDate "2024.11.03"]
[EventType "team-tourn"]
[EventRounds "11"]
[EventCountry "HUN"]
[Source "chess.hu"]
[SourceDate "2024.11.17"]
[WhiteTeam "Tapolca Varosi SE"]
[BlackTeam "Dunaharaszti MTK"]
[WhiteTeamCountry "HUN"]
[BlackTeamCountry "HUN"]

1. e4 b6 2. d4 Bb7 3. Nc3 e6 4. a3 d6 5. g3 g6 6. Bg2 Bg7 7. Nge2 Ne7 8. Be3
Nbc6 9. O-O Qd7 10. Qd2 h5 11. h4 O-O 12. Bh6 Rfe8 13. Bxg7 Kxg7 14. Bh3 Ng8
15. d5 Nd8 16. f4 Qe7 17. Rae1 c5 18. Kh2 exd5 19. Nxd5 Bxd5 20. exd5 f5 21.
Nd4 Qf7 22. Rxe8 Qxe8 23. Re1 Qd7 24. Ne6+ Nxe6 25. dxe6 Qe7 26. Bg2 Rb8 27.
Bd5 Nf6 28. c4 b5 29. b3 1/2-1/2

[Event "NB1 Charousek csoport"]
[Site "Tapolca"]
[Date "2024.11.17"]
[Round "2.9"]
[White "Markos, Adam"]
[Black "Alexandrova, Angelina"]
[Result "1-0"]
[WhiteElo "2102"]
[BlackElo "1876"]
[PlyCount "85"]
[EventDate "2024.11.03"]
[EventType "team-tourn"]
[EventRounds "11"]
[EventCountry "HUN"]
[Source "chess.hu"]
[SourceDate "2024.11.17"]
[WhiteTeam "Dunaharaszti MTK"]
[BlackTeam "Tapolca Varosi SE"]
[WhiteTeamCountry "HUN"]
[BlackTeamCountry "HUN"]

1. e4 e6 2. d4 d5 3. exd5 exd5 4. Nf3 Bd6 5. Bd3 Ne7 6. O-O h6 7. Ne5 Nbc6 8.
Nxc6 Nxc6 9. Re1+ Be6 10. Nc3 O-O 11. Nb5 Be7 12. Bf4 Rc8 13. c3 a6 14. Na3 Bd6
15. Bxd6 Qxd6 16. Bc2 b5 17. Qd3 g6 18. Qd2 Kg7 19. b4 Rfe8 20. Bd3 Bd7 21. Nc2
Qf6 22. Ne3 Ne7 23. a4 Ra8 24. Ra3 bxa4 25. Bc2 a5 26. bxa5 Rxa5 27. c4 Rea8
28. cxd5 Nxd5 29. Nc4 R5a6 30. Ne5 Bf5 31. Bxf5 Qxf5 32. Rf3 Qg5 33. Rxf7+ Kg8
34. Qa2 c6 35. f4 Qd8 36. Qc2 Ne7 37. Rf6 Qxd4+ 38. Kh1 c5 39. Rxa6 Rxa6 40.
Nf3 Qd6 41. Qc4+ Kf8 42. Ne5 Qf6 43. Nd7+ 1-0

[Event "NB1 Charousek csoport"]
[Site "Tapolca"]
[Date "2024.11.17"]
[Round "2.10"]
[White "Erseki, Aron"]
[Black "Schubert, Gyula"]
[Result "0-1"]
[WhiteElo "1889"]
[BlackElo "1966"]
[PlyCount "60"]
[EventDate "2024.11.03"]
[EventType "team-tourn"]
[EventRounds "11"]
[EventCountry "HUN"]
[Source "chess.hu"]
[SourceDate "2024.11.17"]
[WhiteTeam "Tapolca Varosi SE"]
[BlackTeam "Dunaharaszti MTK"]
[WhiteTeamCountry "HUN"]
[BlackTeamCountry "HUN"]

1. e4 d6 2. d4 Nf6 3. f3 g6 4. Be3 Bg7 5. Qd2 O-O 6. Bh6 e5 7. Bxg7 Kxg7 8. d5
c6 9. Nc3 cxd5 10. Nxd5 Nxd5 11. Qxd5 Qc7 12. O-O-O Rd8 13. Qc4 Nc6 14. Kb1 Be6
15. Qc3 Rac8 16. Bd3 Qb6 17. a3 Nd4 18. Qe1 Nxc2 19. Bxc2 Rxc2 20. Kxc2 Qb3+
21. Kd2 Qxb2+ 22. Ke3 Qb6+ 23. Kd3 Qd4+ 24. Kc2 Rc8+ 25. Kb1 Ba2+ 26. Kxa2 Rc2+
27. Kb3 Qb2+ 28. Ka4 b5+ 29. Ka5 Qxa3+ 30. Kxb5 Rc5# 0-1

[Event "NB1 Charousek csoport"]
[Site "Tapolca"]
[Date "2024.11.17"]
[Round "2.11"]
[White "Farkas, Sara"]
[Black "Koran, Katalin Anna"]
[Result "1/2-1/2"]
[WhiteElo "1752"]
[BlackElo "1539"]
[PlyCount "99"]
[EventDate "2024.11.03"]
[EventType "team-tourn"]
[EventRounds "11"]
[EventCountry "HUN"]
[Source "chess.hu"]
[SourceDate "2024.11.17"]
[WhiteTeam "Dunaharaszti MTK"]
[BlackTeam "Tapolca Varosi SE"]
[WhiteTeamCountry "HUN"]
[BlackTeamCountry "HUN"]

1. d4 d5 2. c4 e6 3. Nc3 Nf6 4. Bg5 Be7 5. e3 O-O 6. Bd3 b6 7. Bxf6 Bxf6 8.
cxd5 exd5 9. Qh5 h6 10. Qxd5 c6 11. Qxd8 Rxd8 12. Nf3 Bb7 13. Be4 Nd7 14. O-O
Be7 15. d5 Rac8 16. Rfd1 Nc5 17. dxc6 Bxc6 18. Bxc6 Rxc6 19. Nd5 Re8 20. Rac1
Rg6 21. Ne5 Rg5 22. f4 Rxe5 23. fxe5 Bg5 24. b4 Na6 25. Kf2 Rxe5 26. a3 Kh7 27.
Nf4 Rf5 28. g3 Bf6 29. Rc2 g5 30. g4 Rb5 31. Nd5 Be5 32. a4 Nxb4 33. axb5 Nxc2
34. h3 Na3 35. Ne7 Bf6 36. Rd7 Nxb5 37. Nd5 Kg7 38. Ke2 Be5 39. Kd3 Bd6 40. Kc4
Na3+ 41. Kb3 Bc5 42. Rxa7 Nb5 43. Rb7 Nd6 44. Re7 Kf8 45. Re5 Kg7 46. Kc3 Kg6
47. Kd3 h5 48. Nc3 hxg4 49. hxg4 Kf6 50. Rd5 1/2-1/2

[Event "NB1 Charousek csoport"]
[Site "Tapolca"]
[Date "2024.11.17"]
[Round "2.12"]
[White "Lukacs, Levente"]
[Black "Koronczai, Csongor"]
[Result "1/2-1/2"]
[WhiteElo "1560"]
[BlackElo "1768"]
[PlyCount "73"]
[EventDate "2024.11.03"]
[EventType "team-tourn"]
[EventRounds "11"]
[EventCountry "HUN"]
[Source "chess.hu"]
[SourceDate "2024.11.17"]
[WhiteTeam "Tapolca Varosi SE"]
[BlackTeam "Dunaharaszti MTK"]
[WhiteTeamCountry "HUN"]
[BlackTeamCountry "HUN"]

1. d4 e6 2. Nf3 f5 3. e3 Nf6 4. Bd3 b6 5. Nbd2 Bb7 6. b3 Bb4 7. O-O Bc3 8. Rb1
Bxd2 9. Bxd2 O-O 10. c4 Ne4 11. Rc1 d6 12. Bc3 Nxc3 13. Rxc3 Nd7 14. Rc1 e5 15.
Nd2 Qg5 16. d5 e4 17. Be2 Ne5 18. Rc3 Qf6 19. Qc2 g5 20. f4 Ng6 21. g3 gxf4 22.
exf4 Qd4+ 23. Kh1 c6 24. dxc6 Bxc6 25. b4 e3+ 26. Nf3 Rf6 27. Kg1 Bxf3 28. Rxf3
Re8 29. Qd3 Qxd3 30. Rxd3 Rfe6 31. Rc3 Nf8 32. Kf1 Kg7 33. c5 dxc5 34. bxc5
bxc5 35. Rxc5 Rd8 36. Rc7+ Kf6 37. Rxa7 1/2-1/2

[Event "NB1 Charousek csoport"]
[Site "Paks"]
[Date "2024.11.17"]
[Round "2.1"]
[White "Vertetics, Attila"]
[Black "Lizak, Peter"]
[Result "1/2-1/2"]
[WhiteElo "2428"]
[BlackElo "2390"]
[PlyCount "109"]
[EventDate "2024.11.03"]
[EventType "team-tourn"]
[EventRounds "11"]
[EventCountry "HUN"]
[Source "chess.hu"]
[SourceDate "2024.11.17"]
[WhiteTeam "Gyori Elektromos"]
[BlackTeam "ASE II. Paks"]
[WhiteTeamCountry "HUN"]
[BlackTeamCountry "HUN"]

1. c4 Nf6 2. Nf3 g6 3. g3 Bg7 4. Bg2 O-O 5. O-O d6 6. Nc3 e5 7. d3 Re8 8. e4 c6
9. Re1 Na6 10. a3 Nc7 11. b4 d5 12. Bb2 d4 13. Ne2 a5 14. Nd2 c5 15. b5 h5 16.
Nf3 Nh7 17. Bc1 Ne6 18. Ra2 Ra7 19. Kh1 b6 20. Neg1 Qe7 21. h4 Qf8 22. Nh3 f6
23. Nh2 f5 24. exf5 Qxf5 25. Rae2 Bb7 26. Bxb7 Rxb7 27. Kg2 Rbe7 28. a4 Nef8
29. f3 Nd7 30. Rf2 Qf8 31. Nf1 Bh6 32. Nd2 Bxd2 33. Bxd2 Qf5 34. Qe2 Ndf6 35.
Ng5 Nxg5 36. Bxg5 Re6 37. Ref1 Nh7 38. Bd2 Qf7 39. Bc1 Qb7 40. Qe4 Qxe4 41.
fxe4 Rf8 42. Rxf8+ Nxf8 43. Bg5 Nh7 44. Bd8 Kg7 45. g4 Nf6 46. gxh5 Nxh5 47.
Bg5 Rd6 48. Kh3 Rd7 49. Kg4 Rd6 50. Rf2 Rd7 51. Rf3 Rd6 52. Be7 Rd7 53. Bf8+
Kg8 54. Bh6 Kh7 55. Bg5 1/2-1/2

[Event "NB1 Charousek csoport"]
[Site "Paks"]
[Date "2024.11.17"]
[Round "2.2"]
[White "Videki, Sandor"]
[Black "Ezsol, Miklos"]
[Result "1/2-1/2"]
[WhiteElo "2331"]
[BlackElo "2316"]
[PlyCount "25"]
[EventDate "2024.11.03"]
[EventType "team-tourn"]
[EventRounds "11"]
[EventCountry "HUN"]
[Source "chess.hu"]
[SourceDate "2024.11.17"]
[WhiteTeam "ASE II. Paks"]
[BlackTeam "Gyori Elektromos"]
[WhiteTeamCountry "HUN"]
[BlackTeamCountry "HUN"]

1. e4 d5 2. exd5 Qxd5 3. Nc3 Qa5 4. d4 c6 5. Bd2 Qc7 6. Bc4 Nf6 7. Nf3 e6 8.
Qe2 Be7 9. Ne5 b5 10. Bb3 O-O 11. a4 b4 12. Na2 a5 13. O-O 1/2-1/2

[Event "NB1 Charousek csoport"]
[Site "Paks"]
[Date "2024.11.17"]
[Round "2.3"]
[White "Farkas, Lajos Dr"]
[Black "Molnar, Bela"]
[Result "0-1"]
[WhiteElo "2172"]
[BlackElo "2284"]
[PlyCount "98"]
[EventDate "2024.11.03"]
[EventType "team-tourn"]
[EventRounds "11"]
[EventCountry "HUN"]
[Source "chess.hu"]
[SourceDate "2024.11.17"]
[WhiteTeam "Gyori Elektromos"]
[BlackTeam "ASE II. Paks"]
[WhiteTeamCountry "HUN"]
[BlackTeamCountry "HUN"]

1. d4 Nf6 2. Nf3 g6 3. b3 Bg7 4. Bb2 a5 5. a3 O-O 6. g3 b5 7. Bg2 Bb7 8. O-O
Na6 9. c4 bxc4 10. bxc4 Rb8 11. Ra2 e6 12. Bc3 c5 13. Qe1 a4 14. dxc5 Ne4 15.
Bxg7 Kxg7 16. c6 Bxc6 17. Nd4 Nac5 18. Nxc6 dxc6 19. Nc3 f5 20. Nxe4 fxe4 21.
Qc3+ Qf6 22. Qe3 Qe5 23. f4 Rb3 24. Qd2 Qc3 25. Qd6 Qxc4 26. Qxc6 Qd4+ 27. Kh1
Qd5 28. Qc7+ Rf7 29. Qa5 Qc4 30. Raa1 Rc3 31. Qb4 Rd7 32. Qxc4 Rxc4 33. Rac1
Rxc1 34. Rxc1 Nb3 35. Re1 e3 36. Bc6 Rd2 37. Bxa4 Nd4 38. Bd7 Nc2 39. Rc1 Rxe2
40. Bxe6 Rd2 41. Bg4 e2 42. Bxe2 Rxe2 43. a4 Nd4 44. Rc3 Rc2 45. a5 h5 46. Rd3
Nf5 47. h3 h4 48. gxh4 Nxh4 49. Rd5 Nf3 0-1

[Event "NB1 Charousek csoport"]
[Site "Paks"]
[Date "2024.11.17"]
[Round "2.4"]
[White "Bernath, Bence"]
[Black "Schmikli, Laszlo"]
[Result "1-0"]
[WhiteElo "2243"]
[BlackElo "2174"]
[PlyCount "91"]
[EventDate "2024.11.03"]
[EventType "team-tourn"]
[EventRounds "11"]
[EventCountry "HUN"]
[Source "chess.hu"]
[SourceDate "2024.11.17"]
[WhiteTeam "ASE II. Paks"]
[BlackTeam "Gyori Elektromos"]
[WhiteTeamCountry "HUN"]
[BlackTeamCountry "HUN"]

1. e4 e5 2. Nf3 d5 3. exd5 Bd6 4. Nc3 f5 5. Bb5+ Bd7 6. Qe2 Qe7 7. d3 a6 8. Bg5
Nf6 9. Bxd7+ Nbxd7 10. Nh4 g6 11. g4 fxg4 12. Ne4 O-O-O 13. Nxf6 Nxf6 14. f3
Qf7 15. fxg4 h6 16. Bxf6 Qxf6 17. Ng2 Bb4+ 18. c3 Ba5 19. Rf1 Qe7 20. Qe4 Rd6
21. O-O-O Rhd8 22. Ne3 Bb6 23. d4 Qg5 24. h4 Qxh4 25. Qxe5 Qg5 26. Qxg5 hxg5
27. Kc2 Ba7 28. Kd3 c6 29. dxc6 Rxc6 30. Nc4 Bb8 31. Rde1 Bf4 32. Re7 Rh8 33.
d5 Rc7 34. Rfe1 Rh3+ 35. Kd4 Rxe7 36. Rxe7 Rg3 37. Nb6+ Kd8 38. Rxb7 Rxg4 39.
Kc5 Rg2 40. d6 Bxd6+ 41. Kxd6 Rd2+ 42. Nd5 Kc8 43. Rc7+ Kb8 44. Rg7 Rc2 45. Kc6
a5 46. Nb6 1-0

[Event "NB1 Charousek csoport"]
[Site "Paks"]
[Date "2024.11.17"]
[Round "2.5"]
[White "Borzsei, Andras"]
[Black "Szegedy, Matyas"]
[Result "0-1"]
[WhiteElo "2106"]
[BlackElo "2238"]
[PlyCount "56"]
[EventDate "2024.11.03"]
[EventType "team-tourn"]
[EventRounds "11"]
[EventCountry "HUN"]
[Source "chess.hu"]
[SourceDate "2024.11.17"]
[WhiteTeam "Gyori Elektromos"]
[BlackTeam "ASE II. Paks"]
[WhiteTeamCountry "HUN"]
[BlackTeamCountry "HUN"]

1. d4 Nf6 2. c4 e6 3. Nc3 d5 4. cxd5 exd5 5. Bg5 Bb4 6. e3 h6 7. Bh4 g5 8. Bg3
Ne4 9. Nge2 h5 10. h4 Nxg3 11. Nxg3 gxh4 12. Nxh5 c6 13. Qf3 Qg5 14. Be2 Be6
15. Nf4 Nd7 16. Nxe6 fxe6 17. Qh3 Ke7 18. a3 Bxc3+ 19. bxc3 Rag8 20. Rh2 Nf6
21. Bf3 Ne8 22. Be2 Nd6 23. Bd3 e5 24. dxe5 Qxe5 25. Rc1 Rg3 26. fxg3 Qxe3+ 27.
Kd1 Qxd3+ 28. Ke1 Ne4 0-1

[Event "NB1 Charousek csoport"]
[Site "Paks"]
[Date "2024.11.17"]
[Round "2.6"]
[White "Toth, Gergely"]
[Black "Solymosi, Istvan"]
[Result "1/2-1/2"]
[WhiteElo "2145"]
[BlackElo "2076"]
[PlyCount "86"]
[EventDate "2024.11.03"]
[EventType "team-tourn"]
[EventRounds "11"]
[EventCountry "HUN"]
[Source "chess.hu"]
[SourceDate "2024.11.17"]
[WhiteTeam "ASE II. Paks"]
[BlackTeam "Gyori Elektromos"]
[WhiteTeamCountry "HUN"]
[BlackTeamCountry "HUN"]

1. e4 c6 2. c4 d5 3. exd5 cxd5 4. cxd5 Nf6 5. Nc3 Nxd5 6. Nf3 e6 7. d4 a6 8.
Bd3 Be7 9. O-O Nf6 10. Bc2 b5 11. Qd3 Bb7 12. Bg5 Nbd7 13. Rad1 O-O 14. Ne5 g6
15. Bh6 Re8 16. Qh3 Qb6 17. Bb3 Rad8 18. Be3 Qd6 19. Nd3 b4 20. Na4 Bd5 21.
Nac5 Nxc5 22. dxc5 Qb8 23. Ba4 Bc4 24. Bxe8 Bxd3 25. Ba4 Bxf1 26. Rxf1 Qe5 27.
c6 Nd5 28. Bc1 Rc8 29. Qd3 Ra8 30. g3 Nb6 31. Bd1 Qd5 32. Qxd5 Nxd5 33. Be2 Bf6
34. a3 bxa3 35. bxa3 Ne7 36. Bf3 Rc8 37. Bd2 Kg7 38. Rc1 Bb2 39. Rc2 Bxa3 40.
Bc3+ f6 41. Ra2 Bc5 42. Rxa6 Nd5 43. Bd2 Kf7 1/2-1/2

[Event "NB1 Charousek csoport"]
[Site "Paks"]
[Date "2024.11.17"]
[Round "2.7"]
[White "Zoldi, Zoltan"]
[Black "Benedeczky, Lehel Dr"]
[Result "1-0"]
[WhiteElo "2094"]
[BlackElo "2137"]
[PlyCount "49"]
[EventDate "2024.11.03"]
[EventType "team-tourn"]
[EventRounds "11"]
[EventCountry "HUN"]
[Source "chess.hu"]
[SourceDate "2024.11.17"]
[WhiteTeam "Gyori Elektromos"]
[BlackTeam "ASE II. Paks"]
[WhiteTeamCountry "HUN"]
[BlackTeamCountry "HUN"]

1. Nf3 d5 2. d4 Nf6 3. c4 c6 4. Nc3 e6 5. e3 Nbd7 6. Bd3 dxc4 7. Bxc4 b5 8. Bb3
a6 9. O-O Bb7 10. Qe2 c5 11. Rd1 Qb6 12. Bc2 cxd4 13. exd4 b4 14. Ne4 Be7 15.
Bg5 O-O 16. Ne5 Rfd8 17. Bxf6 Nxf6 18. Nxf6+ Bxf6 19. Bxh7+ Kxh7 20. Qh5+ Kg8
21. Qxf7+ Kh8 22. Rd3 Bg5 23. Rh3+ Bh6 24. Rxh6+ gxh6 25. Ng6# 1-0